header

Gynaecological and obstetric pathology for the MRCOG and beyond (Record no. 119389)

MARC details
000 -LEADER
fixed length control field 01423nam a2200361 a 4500
245 00 - TITLE STATEMENT
Title Gynaecological and obstetric pathology for the MRCOG and beyond
250 ## - EDITION STATEMENT
Edition statement 2nd ed.
260 ## - PUBLICATION, DISTRIBUTION, ETC. (IMPRINT)
Place of publication London :
Name of publisher RCOG Press,
Year of publication 2009.
300 ## - PHYSICAL DESCRIPTION
Number of Pages x, 238 p. :
Other physical details col. ill.
490 1# - SERIES STATEMENT
Series statement MRCOG and beyond series
650 #0 - SUBJECT ADDED ENTRY--TOPICAL TERM
Topical Term Gynecologic pathology.
Topical Term Generative organs, Female.
700 1# - ADDED ENTRY--PERSONAL NAME
Personal name Wells, Michael.
Personal name Buckley, Hilary.
Personal name Fox, Harold.
Personal name Smith, John.
856 40 - ELECTRONIC LOCATION AND ACCESS
Uniform Resource Identifier http://site.ebrary.com/lib/rucke/Doc?id=10511563

No items available.

© 2026 Rongo University
Contact us: librarian | system librarian | Rongo university